LEADER 03295nam 22008535 450 001 9910973215203321 005 20240508205449.0 010 $a9781137378330 010 $a1137378336 024 7 $a10.1057/9781137378330 035 $a(CKB)2670000000567208 035 $a(EBL)4082211 035 $a(SSID)ssj0001657602 035 $a(PQKBManifestationID)16440875 035 $a(PQKBTitleCode)TC0001657602 035 $a(PQKBWorkID)14987283 035 $a(PQKB)10633771 035 $a(SSID)ssj0001196672 035 $a(PQKBManifestationID)12523825 035 $a(PQKBTitleCode)TC0001196672 035 $a(PQKBWorkID)11165695 035 $a(PQKB)10875026 035 $a(MiAaPQ)EBC4082211 035 $a(DE-He213)978-1-137-37833-0 035 $a(Perlego)3488414 035 $a(EXLCZ)992670000000567208 100 $a20151120d2014 u| 0 101 0 $aeng 135 $aur|n|---||||| 181 $ctxt 182 $cc 183 $acr 200 10$aContemporary African Literature in English $eGlobal Locations, Postcolonial Identifications /$fby M. Krishnan 205 $a1st ed. 2014. 210 1$aLondon :$cPalgrave Macmillan UK :$cImprint: Palgrave Macmillan,$d2014. 215 $a1 online resource (231 p.) 300 $aDescription based upon print version of record. 311 08$a9781349478286 311 08$a1349478288 311 08$a9781137378323 311 08$a1137378328 320 $aIncludes bibliographical references and index. 327 $aCover; Contents; Acknowledgements; Introduction: Writing Africa in a Global Marketplace; 1 Ethics, Conflict and Re(-)presentation; 2 Race, Class and Performativity; 3 Gender and Representing the Unrepresentable; 4 Mythopoetics and Cultural Re-Creation; 5 Global African Literature: Strategies of Address and Cultural Constraints; Conclusion: Writing Africa's Futures?; Notes; Bibliography; Index 330 $aContemporary African Literature in English explores the contours of representation in contemporary Anglophone African literature, drawing on a wide range of authors including Chimamanda Ngozi Adichie, Aminatta Forna, Brian Chikwava, Ngug? wa Thiong'o, Nuruddin Farah and Chris Abani. 606 $aLiterature, Modern$y20th century 606 $aLiterature$xPhilosophy 606 $aCulture$xStudy and teaching 606 $aAfrican literature 606 $aLiterature 606 $aFiction 606 $aTwentieth-Century Literature 606 $aLiterary Theory 606 $aCultural Theory 606 $aAfrican Literature 606 $aWorld Literature 606 $aFiction Literature 615 0$aLiterature, Modern 615 0$aLiterature$xPhilosophy. 615 0$aCulture$xStudy and teaching. 615 0$aAfrican literature. 615 0$aLiterature. 615 0$aFiction. 615 14$aTwentieth-Century Literature. 615 24$aLiterary Theory. 615 24$aCultural Theory. 615 24$aAfrican Literature. 615 24$aWorld Literature. 615 24$aFiction Literature. 676 $a820.996 700 $aKrishnan$b M$4aut$4http://id.loc.gov/vocabulary/relators/aut$092356 906 $aBOOK 912 $a9910973215203321 996 $aContemporary African Literature in English$94327567 997 $aUNINA